Aktuálne z autorského práva
Odporúčanie týkajúce sa boja proti on-line pirátstvu v prípade športových a iných živých podujatí vydané Európskou komisiou. Konania a rozsudky Súdneho dvora Európskej únie v oblasti autorského práva a duševného vlastníctva hudobných diel.
Gespeichert in:
| 1. Verfasser: | |
|---|---|
| Format: | Buchkapitel |
| Sprache: | Slowakisch |
| Schlagworte: | |
| Tags: |
Keine Tags, Fügen Sie das erste Tag hinzu!
|
MARC
| LEADER | 00000naa a2200000 4500 | ||
|---|---|---|---|
| 001 | 0308544 | ||
| 005 | 20250604135408.3 | ||
| 041 | 0 | |a slo | |
| 044 | |a SK | ||
| 245 | 1 | 0 | |a Aktuálne z autorského práva |c Jakub Slovák |
| 520 | |a Odporúčanie týkajúce sa boja proti on-line pirátstvu v prípade športových a iných živých podujatí vydané Európskou komisiou. Konania a rozsudky Súdneho dvora Európskej únie v oblasti autorského práva a duševného vlastníctva hudobných diel. | ||
| 610 | 2 | 0 | |a vlastníctvo duševné |
| 610 | 2 | 0 | |a právo autorské |
| 610 | 2 | 0 | |a televízia |
| 610 | 2 | 0 | |a šport |
| 610 | 2 | 0 | |a diela autorské |
| 610 | 2 | 0 | |a hudba |
| 610 | 2 | 0 | |a činnosť nelegálna |
| 610 | 2 | 0 | |a Súdny dvor Európskej únie |
| 610 | 2 | 0 | |a Európska komisia |
| 100 | 1 | |a Slovák, Jakub | |